| 000 | 01162nam0a2200301 4500 | ||
|---|---|---|---|
| 001 | RU\NLR\BIBL_A\016355835 | ||
| 005 | 20260405093100.0 | ||
| 035 | _a(NLR Aleph) 016355835 | ||
| 090 |
_a13315357 _c13315357 |
||
| 100 | _a20230426d1967 |||y0rusy50 ca | ||
| 101 | 0 |
_akir _brus _clit |
|
| 102 | _aKG | ||
| 105 | _aa z 000gy | ||
| 181 | 0 |
_ai _baxxe |
|
| 182 | 0 | _an | |
| 200 | 1 |
_aАдам _fЭдуардас Межелайтис _gгравюрасы Статиса Красаускастыкы _gкотор. Керез Ырсалиев |
|
| 203 |
_aТекст _bвизуальный _cнепосредственный |
||
| 210 |
_aФрунзе _cКыргызстан _d1967 |
||
| 215 |
_a122,[2] c. _cил. _d17 |
||
| 541 | 1 |
_aЧеловек _eсб. стихов _zrus |
|
| 686 | 1 | _aШ6(2=Ки)-91Ли-5 | |
| 700 | 1 |
_4070 _7ca _8rus _aМежелайтис _bЭ. _f1919-1997 _gЭдуардас _917081 _3RU\NLR\AUTH\7734075 |
|
| 702 | 1 |
_aЫрсалиев _bК. _cпоэт, переводчик _f1924-1980 _gКерез _4070 |
|
| 702 | 1 |
_aКрасаускас _bС. _gСтатис _4040 |
|
| 852 |
_aNLR _bОНЛ _jКирг./2-4529 |
||
| 942 | _cBOOK | ||
| 980 | _aNB | ||